000 01330nab a22002417a 4500
999 _c5599
_d5599
003 OSt
005 20251222090714.0
008 190429b xxu||||| |||| 00| 0 spa d
040 _cPJ
100 _96576
_aFlores, Miguel Mario
245 1 3 _aLa sanción punitiva impuesta por la inteligencia artificial /
_cMiguel Mario Flores.
260 _cCiudad Autónoma de Buenos Aires :
_aThomson Reuters La Ley,
_b2025.
300 _ap. 148-156
500 _aCita: AR/DOC/1342/2025.
505 _aSumario: I. Introducción.— II. La pena frente al delito. Teorías: a. Expiación. b. Retribución.— III. Fines de la pena: prevención general positiva-negativa. Teoría de la unión. Teoría de la diferenciación.— IV. Las personas condicionadas por los derechos fundamentales y la inteligencia artificial.— V. Sanción punitiva impuesta por la inteligencia artificial.— VI. Conclusión.
505 _tSi te interesa el texto completo, solicitalo a koha@justierradelfuego.gov.ar
650 0 _9343
_aDERECHO PENAL
650 0 _9278
_aDELITOS INFORMATICOS
650 0 _92677
_aSENTENCIA PENAL
650 0 _96577
_aPROPORCIONALIDAD DE LA PENA
773 0 _02658
_93164
_tRevista de derecho penal y criminología. Nº 6 - Julio 2025
_dCiudad Autónoma de Buenos Aires : Thomson Reuters La Ley, 2017-
_x00347914
942 _2udc
_cANA